Pick the Dr. Seuss Characters Quiz Stats

Quiz Updated Aug 2, 2016

Challenge
Share
Tweet
Score 0/20 Timer 05:00
0 Plays Today
% Correct
The Cat in the Hat
94.5%
Fox in Socks
93%
The Grinch
92.5%
Horton
90.7%
The Lorax
90.7%
Mr. Brown
90.7%
Thing One and Thing Two
88.4%
Sally
88%
Yertle the Turtle
86.7%
The Star-Bellied Sneetches
86.1%
% Correct
Sam-I-Am
86.1%
Pop
76.4%
Cindy Lou Who
72.6%
Wocket
71.7%
The Wickersham Brothers
69.2%
The Once-ler
68.6%
Max
66.9%
Bartholomew Cubbins
65.3%
The Zax
54.8%
Marvin K. Mooney
54.1%

You're not logged in!

Compare scores with friends on all Sporcle quizzes.
Join for Free
OR
Log In

You Might Also Like...

Show Comments

Extras

Top Quizzes Today


Score Distribution

Your Account Isn't Verified!

In order to create a playlist on Sporcle, you need to verify the email address you used during registration. Go to your Sporcle Settings to finish the process.

Report this User

Report this user for behavior that violates our Community Guidelines.

Details: